|
|
|
|
| LEADER |
00000nab a2200000 a 4500 |
| 001 |
vtls000139378 |
| 003 |
SK-MaSNL |
| 005 |
20260304224133.0 |
| 008 |
250423c1982 xo 0 slo |
| 015 |
|
|
|a SNBRB19rr/mm-uuuuu
|
| 035 |
|
|
|a CL0149484
|
| 035 |
|
|
|a urn:nbn:sk:snk-abek3f
|
| 035 |
|
|
|a (urnnbn)urn:nbn:sk:snk:ar-003cch
|
| 035 |
|
|
|a (uuid)8810adfb-7cc3-48fb-8bc6-a538ac758f3e
|
| 040 |
|
|
|a SNKBUCL
|b slo
|c SNKBUCL
|e AACR2
|
| 041 |
0 |
|
|a slo
|
| 044 |
|
|
|a xo
|c SK
|
| 080 |
|
|
|a 82:929:885.4
|2 1981
|
| 080 |
|
|
|a 885.4
|2 1981
|
| 080 |
|
|
|a 929 Tomčík, Miloš
|2 1981
|
| 245 |
0 |
0 |
|a Jubileum Miloša Tomčíka
|
| 500 |
|
|
|a V rubrike Zo života ZSS
|
| 600 |
1 |
7 |
|a Tomčík, Miloš,
|d 1922-2009
|2 snkbucl
|9 131365
|
| 650 |
0 |
7 |
|a jubileá
|2 snkbucl
|9 29624
|
| 650 |
0 |
7 |
|a ceny a vyznamenania
|2 snkbucl
|9 73045
|
| 655 |
|
7 |
|a poznámky
|2 snkbucl
|9 285558
|
| 655 |
|
7 |
|a články z novín a časopisov
|2 snkbucl
|9 267496
|
| 655 |
|
7 |
|a články z odboru literárna veda a krásna literatúra
|2 snkbucl
|9 770045
|
| 773 |
0 |
|
|t Slovenské pohľady
|g Roč. 98, č. 12 (1982), s. 142
|
| 850 |
|
|
|a Slovenská národná knižnica
|
| 852 |
|
|
|a Slovenská národná knižnica
|
| 954 |
|
|
|a odborná, vedecká literatúra pôvodná (slovenská)
|2 lita
|
| 958 |
|
|
|a article27
|
| 958 |
|
|
|a BX
|
| 958 |
|
|
|a RK
|
| 958 |
|
|
|a LX
|
| 958 |
|
|
|a OND
|
| 958 |
|
|
|a EUIPO
|
| 992 |
|
|
|a RBX
|
| 999 |
|
|
|c 3170949
|d 3172879
|